Statistics for Animals

Click here to take the quiz!

General Stats

  • This quiz has been taken 6 times
  • The average score is 25 of 55

Answer Stats

HintAnswer% Correct
Bear
100%
Cat
100%
Dog
100%
Lion
100%
Tiger
100%
Whale
100%
Cow
83%
Dolphin
83%
.Pig
83%
Rhino
83%
Shark
83%
Sheep
83%
Snake
83%
Ant
67%
Crocodile
67%
Goat
67%
Monkey
67%
Mouse
67%
Wolf
67%
Alligator
50%
Bee
50%
Crab
50%
Fish
50%
Panda
50%
Polar Bear
50%
Rat
50%
Spider
50%
Butterfly
33%
Fox
33%
Hedgehog
33%
Lobster
33%
Owl
33%
Panther
33%
Seal
33%
Wasp
33%
Worm
33%
Yak
33%
Anteater
17%
Armadillo
17%
Donkey
17%
Otter
17%
Red Panda
17%
Shellfish
17%
Sloth
17%
Sloth
17%
Slug
17%
Snail
17%
Stingray
17%
Capybara
0%
Caterpillar
0%
Parrot
0%
Penguin
0%
Pigeon
0%
T-Rex
0%
Velociraptor
0%

Score Distribution

Percentile by Number Answered

Percent of People with Each Score

Your Score History

You have not taken this quiz